[Event "Marienbad Open-A2 2019"]
[Site "Marianske Lazne"]
[Date "2019.01.26"]
[Round "9"]
[White "Kulkarni Bhakti"]
[Black "Gungl, Theo"]
[Result "1/2-1/2"]
[WhiteElo "2303"]
[BlackElo "2368"]
[Annotator "NA"]
[PlyCount "33"]
[EventDate "2019.01.17"]
[EventType "tourn"]
[EventCountry "CZE"]
[SourceTitle "playchess.com"]
[Source "ChessBase"]
[SourceQuality "1"]
[TimeControl "40/5400+30:1800+30"]

{[%evp 13,32,20,1,19,10,4,32767,32767,32767,32767,14,0,3,0,0,0,32767,-28,32767,-18,-18]} 1. e4 {[%emt 0:03:49]} c5 {[%emt 0:00:00]} 2. c3 {[%emt 0:00:20]} d5 {[%emt 0:00:00]} 3. exd5 {[%emt 0:00:23]} Qxd5 {[%emt 0:00:00]} 4. d4 {[%emt 0:00:09]} Nf6 {[%emt 0:00:00]} 5. Nf3 {[%emt 0:00:17]} Bg4 {[%emt 0:00:00]} 6. Be2 {[%emt 0:00:12]} e6 {[%emt 0:00:02]} 7. h3 {[%emt 0:01:43]} Bh5 {[%emt 0:00:10]} 8. O-O {[%emt 0:00:48]} Nc6 {[%emt 0:00:07]} 9. Be3 {[%emt 0:02:31]} cxd4 {[%emt 0:00:05]} 10. cxd4 {[%emt 0:02:02]} Bb4 {[%emt 0:00:32]} 11. a3 {[%emt 0:01:38]} Ba5 {[%emt 0:00:14]} 12. Nc3 {[%emt 0:03:09] LiveBook: 13 Games} Qd6 {[%emt 0:01:35]} 13. Nb5 {[%emt 0:09:41]} Qe7 {[%emt 0:15:37]} 14. Rc1 {[%emt 0:09:45]} Nd5 {[%emt 0:12:11]} 15. Bg5 {[%emt 0:06:03]} f6 {[%emt 0:01:48]} 16. Bd2 {[%emt 0:04:36]} Bb6 $11 {[%emt 0:01:07]} 17. Re1 {[%emt 0:00:55]} 1/2-1/2